| 000 | 01244nam a2200229Ia 4500 | ||
|---|---|---|---|
| 003 | Ost | ||
| 005 | 20260507075406.0 | ||
| 008 | 260507s9999||||xx |||||||||||||| ||und|| | ||
| 040 | _cfsecg | ||
| 041 | _aara | ||
| 082 | _a600 | ||
| 100 |
_aمرعي، عبد الحي _eمؤلف |
||
| 245 | 0 |
_aأساسيات محاسبة التكاليف / _c عبد الحي مرعي |
|
| 260 |
_aالإسكندرية: _bدار المطبوعات الجامعية, _c2008 |
||
| 300 |
_a416 صفحة؛ _bإيضاحات ؛ _c25 سم |
||
| 520 | _aأهداف محاسبة التكاليف في الماضي والحاضر والمستقبل وموقعها في التنظيم، مفاهيم التكلفة وعناصرها، نظم قياس تكلفة الإنتاج ، مداخل قياس التكلفة ، تسجيل عناصر التكاليف، المحاسبة عن التكلفة الصناعية غير المباشرة والرقابة عليها، الرقابة على الموارد والخامات، الرقابة على الموارد والخامات | ||
| 653 | _aالتكاليف المعيارية | ||
| 653 | _aالمحاسبة | ||
| 653 | _aتكلفة الإنتاج | ||
| 653 | _aمحاسبة التكاليف | ||
| 942 | _cكتاب | ||
| 999 |
_c44306 _d44306 |
||